Memoria correspondiente a los años 1911 a 1914 presentada a la Dirección General de Instrucción Primaria / (Record no. 118319)

MARC details
000 -LEADER
campo de control de longitud fija 00555nam a2200169 i 4500
001 - NÚMERO DE CONTROL
campo de control 118319
003 - IDENTIFICADOR DE NÚMERO DE CONTROL
campo de control ES-MaACL
005 - FECHA Y HORA DE LA ÚLTIMA TRANSACCIÓN
campo de control 20230906191056.0
007 - CAMPO FIJO DE DESCRIPCIÓN FÍSICA--INFORMACIÓN GENERAL
campo de control de longitud fija t|
008 - DATOS DE LONGITUD FIJA--INFORMACIÓN GENERAL
campo de control de longitud fija 070214s1915 uy r ||||1| spa d
100 1# - ENTRADA PRINCIPAL--NOMBRE DE PERSONA
Nombre de persona Pérez, Abel J.
9 (RLIN) 90547
245 10 - MENCIÓN DEL TÍTULO
Título Memoria correspondiente a los años 1911 a 1914 presentada a la Dirección General de Instrucción Primaria /
Mención de responsabilidad, etc. por Abel J. Pérez.
260 ## - PUBLICACIÓN, DISTRIBUCIÓN, ETC.
Lugar de publicación, distribución, etc. Montevideo :
Nombre del editor, distribuidor, etc. A. Barreiro,
Fecha de publicación, distribución, etc. 1915.
300 ## - DESCRIPCIÓN FÍSICA
Extensión 570 p. ;
Dimensiones 29 cm.
650 #4 - PUNTO DE ACCESO ADICIONAL DE MATERIA--TÉRMINO DE MATERIA
Término de materia o nombre geográfico como elemento de entrada Enseñanza primaria-
Subdivisión geográfica Uruguay.
9 (RLIN) 160301
852 ## - LOCALIZACIÓN
Ubicación ES-MaACL
Número de control de estantería F-1099
Holdings
Estatus retirado Estado de pérdida Estado de daño No para préstamo Biblioteca de origen Biblioteca actual Ubicación en estantería Fecha de adquisición Fuente de adquisición Total de préstamos Signatura topográfica completa Código de barras Visto por última vez Precio de reemplazo Tipo de ítem Koha
        Biblioteca del Ateneo de Madrid Biblioteca del Ateneo de Madrid Depósito 2 17/01/2008     F-1099 1123348 23/02/2023 23/02/2023 Libro impreso